000 01126nam a22002657a 4500
005 20240305165503.0
007 cr|||| ||||
008 180327s2015 mx |||||s|||| 00||0 spa d
020 _a978-607-8156-33-7
035 _a21154
040 _avLex
090 _c7568
_d7568
100 1 _aVázquez Azuara, Carlos Antonio
245 1 0 _aCombate a la Delincuencia Cibernética
_h[Recurso electrónico] /
_cCarlos Antonio Vázquez Azuara
250 _aTercera Edición
256 _aServicio en línea
260 _aVeracruz:
_bUniversidad de Xalapa,
_c2015
300 _a1 recurso electrónico (536 p.)
506 1 _aDisponible solo en los productos indicados
_dvLex Global
_dvLex Global (Academic Edition, excluding Law Schools)
_dvLex Global (U.S. Academic Edition, Law Schools)
_dvLex Global (U.S. Academic Edition, excluding Law Schools)
_dvLex Global (Academic Edition, Law Schools)
650 0 4 _aDerecho Penal
_zMéxico
650 0 4 _aDelitos informáticos
_zMéxico
740 0 _avLex Libros (Servicio en línea)
856 4 0 _uhttps://app.vlex.com/#/sources/combate-delincuencia-cibernetica-21154
942 _cRAA
999 _c165805
_d165805